1157 1262 1621 1246 1922 1892 1356 1512 1121 1332 1821 1980 1544 1442 1306 1320 1105 1006 1580 1851 1029 1282 1685 1660 1463 1568 1325 1971 1287 1519 1560 1056 1422 1392 1317 1503 1985 1733 1580 1475 1384 1327 1592 1579 1711 1472 1937 1936 1592 1360 1570 1256 1650 1223 1381 1273 1742 1474 1898 1212 1151 1879 1213 1446 1141 1715 1671 1265 1960 1550 1187 1104 1423 1263 1632 1930 1160 1871 1623 1178 1123 1476 1864 1113 1230 1162 1487 1348 1846 1231 1087 1259 1970 1622 1446 1357 1694 1363 1576 BCNSPRNW ULIB Ver.6.0+V

เปลี่ยนเป็นภาษาไทย

Change to English
 แสดงรายละเอียดบรรณานุกรม
  กลับหน้าหลัก

Brief Record : Get Marc (ISO 2709) : E-mail record : QR code < ปิดหน้าต่าง
LEADER : 00000nam 2200000uu 4500
001    13399114986
003     ULIB
008    120627s2548||||th 000 0 tha d
020    ^a9744655453
060 04 ^aWY130^bอ823ก 2548
100 0  ^aอุทัยวรรณ สุกิมานิล
245 10 ^aการบริการปฐมภูมิ =^bPrimary care /^cอุทัยวรรณ สุกิมานิล
246 31 ^aPrimary care
250    ^aพิมพ์ครั้งที่ 1
260    ^aกรุงเทพฯ :^bโครงการสวัสดิการวิชาการ สถาบันพระบรมราชชนกกระทรวงสาธารณสุข,^c2548
300    ^aก-ฎ, 263 หน้า :^bภาพประกอบ ;^c26 ซม.
504    ^aบรรณานุกรมและดัชนี
650  7 ^aสาธารณสุขเบื้องต้น, การบริการ
650  7 ^aสาธารณสุขมูลฐาน
710 2  ^aสถาบันพระบรมราชชนก. ^bโครงการสวัสดิการวิชาการ
945    ^p295^l0^i24187
995    ^a กัณชพร
999    ^aใช้งานได้ทุกระบบ
รายการนี้ยังไม่มีแท็ก
คุณยังไม่ได้ล็อกอิน คุณสามารถมีกิจกรรมร่วมกับเว็บไซต์ได้ แต่ต้องล็อกอินก่อน ::
  ล็อกอิน

รายการสื่อสารสนเทศ

ลำดับที่ ประเภท เลขเรียก/บาร์โค้ด สถานที่ สถานะ
- ไม่พบข้อมูล -

รายการใกล้เคียง
    ผู้แต่ง [อุทัยวรรณ สุกิมานิล]

    หัวเรื่อง [สาธารณสุขมูลฐาน]

BibComment


ยังไม่เคยถูกคอมเมนท์

คอมเมนท์ทรัพยากรรายการนี้
  คอมเมนท์: การบริการปฐมภูมิ..


 Copyright 2026. Bcnsprnw @Library